[Event "MCRE_SF04"]
[Site "?"]
[Date "2005.??.??"]
[Round "?"]
[White "Kubikova, Hana"]
[Black "Koci, Vladimir"]
[Result "1-0"]
[WhiteElo "2182"]
[BlackElo "2255"]
[PlyCount "65"]
[EventDate "2005.??.??"]
[EventType "corr"]
[EventRounds "2"]
[SourceDate "2005.10.20"]

1. e4 d5 2. exd5 Nf6 3. d4 Nxd5 4. c4 Nf6 5. Nf3 Bg4 6. Be2 e6 7. Nc3 Nc6 8.
O-O Bxf3 9. Bxf3 Nxd4 10. Bxb7 Rb8 11. Nb5 Rxb7 12. Nxd4 c5 13. Qa4+ Rd7 14.
Nb5 Be7 15. Bf4 O-O 16. Rad1 Qa8 17. Rxd7 Nxd7 18. b3 Qc6 19. Rd1 a6 20. Nc3
Nb8 21. Qxc6 Nxc6 22. Bd6 Rd8 23. Bxe7 Rxd1+ 24. Nxd1 Nxe7 25. Nb2 e5 26. Nd3
Nc6 27. Nxc5 a5 28. f3 f5 29. Kf2 Kf7 30. Ke3 g5 31. g4 Kf6 32. h3 Nd4 33. Nd7+
1-0

[Event "MCRE_SF04"]
[Site "?"]
[Date "2005.??.??"]
[Round "?"]
[White "Kohler, Josef"]
[Black "Blecha, Miroslav"]
[Result "0-1"]
[WhiteElo "2180"]
[BlackElo "2200"]
[PlyCount "92"]
[EventDate "2005.??.??"]
[EventType "corr"]
[EventRounds "2"]
[SourceDate "2005.10.20"]

1. c4 Nf6 2. Nc3 g6 3. d4 Bg7 4. e4 d6 5. Nf3 O-O 6. Be2 e5 7. d5 a5 8. Bg5 h6
9. Bh4 Na6 10. Nd2 Qe8 11. O-O Nh7 12. a3 Bd7 13. b3 f5 14. f3 Bf6 15. Bxf6
Nxf6 16. Qc2 f4 17. Qb2 g5 18. b4 Qe7 19. Qb3 Kh7 20. Na4 Qe8 21. b5 b6 22. Qc3
Nb8 23. Nb2 g4 24. fxg4 Bxg4 25. Bxg4 Nxg4 26. Rae1 Nd7 27. Nd1 Qh5 28. Nf3 Rg8
29. Kh1 Rg6 30. Nf2 Ndf6 31. Nxg4 Nxg4 32. Qd2 Rag8 33. Rg1 Ne3 34. Rxe3 fxe3
35. Qxe3 Rg4 36. Nd2 Qg6 37. Qe2 h5 38. h3 Rg3 39. Nf3 Rf8 40. Nh4 Qg5 41. Nf5
Rxa3 42. Qb2 Rd3 43. Qf2 Rd2 44. Qe1 Rc2 45. Qf1 h4 46. c5 Rxc5 0-1

[Event "MCRE_SF04"]
[Site "?"]
[Date "2005.??.??"]
[Round "?"]
[White "Hrdy, Roman"]
[Black "Koci, Vladimir"]
[Result "1-0"]
[WhiteElo "2224"]
[BlackElo "2255"]
[PlyCount "73"]
[EventDate "2005.??.??"]
[EventType "corr"]
[EventRounds "2"]
[SourceDate "2005.10.20"]

1. e4 d5 2. exd5 Nf6 3. d4 Nxd5 4. Nf3 Bg4 5. c4 Nf6 6. Be2 e6 7. Qb3 b6 8. Nc3
Nbd7 9. h3 Bh5 10. Be3 c5 11. Rd1 cxd4 12. Bxd4 Be7 13. Qa4 Qc7 14. g4 Bg6 15.
g5 Ne4 16. Ne5 Nxc3 17. Bxc3 O-O-O 18. Nc6 Nc5 19. Nxe7+ Qxe7 20. Qc6+ Qc7 21.
Qa8+ Qb8 22. Qxb8+ Kxb8 23. Bxg7 Rxd1+ 24. Bxd1 Rd8 25. h4 Nd3+ 26. Ke2 Nf4+
27. Kf3 Bh5+ 28. Kxf4 Rxd1 29. Rxd1 Bxd1 30. Bd4 Kc7 31. Ke5 Be2 32. Kf6 Bh5
33. b4 a6 34. b5 axb5 35. cxb5 Kb7 36. Kg7 Bg6 37. f3 1-0

[Event "MCRE_SF04"]
[Site "?"]
[Date "2005.??.??"]
[Round "?"]
[White "Blecha, Miroslav"]
[Black "Jandovsky, Viktor"]
[Result "1-0"]
[WhiteElo "2200"]
[BlackElo "2259"]
[PlyCount "65"]
[EventDate "2005.??.??"]
[EventType "corr"]
[EventRounds "2"]
[SourceDate "2005.10.20"]

1. e4 c5 2. Nf3 e6 3. d4 cxd4 4. Nxd4 Nc6 5. Nc3 d6 6. Be3 Nf6 7. f3 Be7 8. Qd2
a6 9. O-O-O O-O 10. g4 Nxd4 11. Qxd4 Nd7 12. Kb1 b5 13. g5 Qa5 14. h4 b4 15.
Ne2 e5 16. Qd2 Nc5 17. h5 Be6 18. Nc1 Rad8 19. g6 d5 20. h6 fxg6 21. hxg7 Rf7
22. Qh2 Rxg7 23. Qxe5 Bd6 24. Qg5 Be7 25. Qg1 Qc7 26. exd5 Na4 27. Bd4 Bxd5 28.
Be2 Bf8 29. Qg5 Rdd7 30. Bf6 Qc6 31. Rh4 a5 32. Bxg7 Bxg7 33. Rc4 1-0

[Event "MCRE_SF04"]
[Site "?"]
[Date "2005.??.??"]
[Round "?"]
[White "Blecha, Miroslav"]
[Black "Janocko, Petr"]
[Result "1-0"]
[WhiteElo "2200"]
[BlackElo "2200"]
[PlyCount "95"]
[EventDate "2005.??.??"]
[EventType "corr"]
[EventRounds "2"]
[SourceDate "2005.10.20"]

1. e4 e5 2. Nf3 Nc6 3. Bb5 a6 4. Ba4 Nf6 5. O-O Be7 6. Re1 b5 7. Bb3 O-O 8. c3
d6 9. h3 Nb8 10. d4 Nbd7 11. Nbd2 Bb7 12. Bc2 Re8 13. Nf1 Bf8 14. Ng3 g6 15. a4
c5 16. d5 c4 17. Bg5 h6 18. Be3 Nc5 19. Qd2 h5 20. Bg5 Be7 21. Bh6 Nh7 22. Ra3
Rb8 23. Rea1 Bc8 24. axb5 axb5 25. Be3 Qc7 26. Ne2 Bb7 27. Nc1 Rec8 28. Qe2 Ra8
29. Rxa8 Rxa8 30. Rxa8+ Bxa8 31. b3 Nf6 32. Ng5 cxb3 33. Nxb3 Na4 34. Qxb5 Nxc3
35. Qa5 Ne2+ 36. Kh2 Qxc2 37. Qxa8+ Kg7 38. Nd2 Ng8 39. Ngf3 f5 40. Qc6 Qd1 41.
Qd7 fxe4 42. Nxe4 Qxd5 43. Neg5 Nd4 44. Nxd4 exd4 45. Bxd4+ Kh6 46. Ne6 Qf5 47.
Be3+ Kh7 48. g4 1-0

[Event "MCRE_SF04"]
[Site "?"]
[Date "2005.??.??"]
[Round "?"]
[White "Kohler, Josef"]
[Black "Janocko, Petr"]
[Result "1/2-1/2"]
[WhiteElo "2180"]
[BlackElo "2200"]
[PlyCount "106"]
[EventDate "2005.??.??"]
[EventType "corr"]
[EventRounds "2"]
[SourceDate "2005.10.20"]

1. c4 Nf6 2. Nc3 e5 3. g3 Bb4 4. Bg2 O-O 5. Nf3 Nc6 6. O-O e4 7. Ng5 Bxc3 8.
bxc3 Re8 9. f3 e3 10. dxe3 Qe7 11. Nh3 Qc5 12. Nf4 Qxc4 13. e4 d6 14. Qd3 Be6
15. Rd1 Qa4 16. Nd5 Bxd5 17. exd5 Ne5 18. Qd4 Qa6 19. e4 Nfd7 20. Kf2 Nc5 21.
Bf1 Qb6 22. Kg2 a6 23. Be3 Qa7 24. Rab1 Re7 25. Qd2 Rae8 26. Bxc5 Qxc5 27. Rxb7
f5 28. exf5 Nc4 29. Bxc4 Qxc4 30. Kh3 Re2 31. Qd4 Qxa2 32. Rxc7 Rxh2+ 33. Kg4
Re5 34. Rc8+ Kf7 35. Qa7+ Re7 36. Rc7 Rhe2 37. Rxe7+ Rxe7 38. Qg1 h6 39. Qf1 a5
40. c4 Qh2 41. Qh1 h5+ 42. Kf4 Qc2 43. Qxh5+ Kg8 44. Rh1 Qxc4+ 45. Kg5 Qxd5 46.
f4 Re3 47. g4 Qe4 48. Qh7+ Kf8 49. f6 gxf6+ 50. Kxf6 Qxf4+ 51. Qf5 Qxf5+ 52.
gxf5 Ke8 53. Ra1 a4 1/2-1/2

[Event "MCRE_SF04"]
[Site "?"]
[Date "2005.??.??"]
[Round "?"]
[White "Jandovsky, Viktor"]
[Black "Koci, Vladimir"]
[Result "1-0"]
[WhiteElo "2259"]
[BlackElo "2255"]
[PlyCount "65"]
[EventDate "2005.??.??"]
[EventType "corr"]
[EventRounds "2"]
[SourceDate "2005.10.20"]

1. e4 d5 2. exd5 Nf6 3. Nf3 Nxd5 4. d4 Bg4 5. Be2 e6 6. O-O Bd6 7. c4 Nf4 8.
Bxf4 Bxf4 9. Qb3 b6 10. h3 Bf5 11. Bd3 Qf6 12. Qa4+ Nd7 13. Bxf5 Qxf5 14. Nc3
a5 15. Rfe1 Rd8 16. Nd5 Kf8 17. Nxf4 Qxf4 18. Rad1 Qd6 19. Ne5 f6 20. c5 Qd5
21. b4 Nb8 22. Nd3 Kf7 23. Nf4 Qd7 24. b5 Rhe8 25. c6 Qd6 26. d5 exd5 27. Rxe8
Rxe8 28. Nxd5 Rd8 29. Qc4 Kf8 30. Ne3 Qe7 31. Rxd8+ Qxd8 32. Qe4 g6 33. Qe6 1-0

[Event "MCRE_SF04"]
[Site "?"]
[Date "2005.??.??"]
[Round "?"]
[White "Jandovsky, Viktor"]
[Black "Janocko, Petr"]
[Result "1-0"]
[WhiteElo "2259"]
[BlackElo "2200"]
[PlyCount "87"]
[EventDate "2005.??.??"]
[EventType "corr"]
[EventRounds "2"]
[SourceDate "2005.10.20"]

1. e4 e5 2. Nf3 Nc6 3. Bb5 a6 4. Ba4 Nf6 5. O-O Be7 6. Re1 b5 7. Bb3 O-O 8. c3
d6 9. h3 Nb8 10. d4 Nbd7 11. Nbd2 Bb7 12. Bc2 Re8 13. Nf1 Bf8 14. Ng3 g6 15. a4
c5 16. d5 c4 17. Bg5 h6 18. Be3 Nc5 19. Qd2 h5 20. Bg5 Be7 21. Ra3 Nfd7 22. Be3
Qc7 23. Rea1 Nb6 24. axb5 axb5 25. Rxa8 Rxa8 26. Rxa8+ Nxa8 27. Bxc5 dxc5 28.
Qh6 Bf8 29. Qg5 Nb6 30. Nf5 Nd7 31. N3h4 Kh7 32. Bd1 Qb6 33. d6 Bxe4 34. Bxh5
Bxf5 35. Nxf5 e4 36. Qh4 gxf5 37. Bxf7+ Kg7 38. Be6 Qxd6 39. Qg5+ Kh7 40. Qxf5+
Kg7 41. Qg4+ Kf6 42. Bxd7 b4 43. Qf5+ Kg7 44. Be6 1-0

[Event "MCRE_SF04"]
[Site "?"]
[Date "2005.??.??"]
[Round "?"]
[White "Janocko, Petr"]
[Black "Jandovsky, Viktor"]
[Result "0-1"]
[WhiteElo "2259"]
[BlackElo "2200"]
[PlyCount "80"]
[EventDate "2005.??.??"]
[EventType "corr"]
[EventRounds "2"]
[SourceDate "2005.10.20"]

1. d4 Nf6 2. c4 e6 3. g3 c5 4. Nf3 cxd4 5. Nxd4 Qc7 6. Nd2 a6 7. Bg2 Nc6 8.
Nxc6 dxc6 9. O-O e5 10. Qc2 Be7 11. Nf3 O-O 12. b3 Bg4 13. Bb2 Nd7 14. Rad1
Rad8 15. h3 Be6 16. Bc1 f6 17. g4 Bf7 18. Nh4 g6 19. Bh6 Rfe8 20. Nf3 Nc5 21.
Qc3 Ne6 22. e3 a5 23. Qc2 Nc5 24. Nd2 g5 25. Nb1 Bg6 26. e4 Rd4 27. Nc3 Red8
28. h4 Ne6 29. Ne2 Rxd1 30. Rxd1 gxh4 31. Kh2 Rxd1 32. Qxd1 Ng5 33. f3 Qd6 34.
Qxd6 Bxd6 35. Nc1 b5 36. Nd3 bxc4 37. bxc4 Bf7 38. c5 Bf8 39. Bxf8 Kxf8 40. a3
Bc4 0-1

[Event "MCRE_SF04"]
[Site "?"]
[Date "2005.??.??"]
[Round "?"]
[White "Kohler, Josef"]
[Black "Jandovsky, Viktor"]
[Result "1/2-1/2"]
[WhiteElo "2180"]
[BlackElo "2259"]
[PlyCount "121"]
[EventDate "2005.??.??"]
[EventType "corr"]
[EventRounds "2"]
[SourceDate "2005.10.20"]

1. c4 e5 2. Nc3 Nf6 3. Nf3 Nc6 4. g3 d5 5. cxd5 Nxd5 6. Bg2 Nb6 7. O-O Be7 8.
a3 O-O 9. b4 Be6 10. Rb1 f6 11. Ne4 Ba2 12. Rb2 Bd5 13. Nc5 Nc4 14. Rb1 b6 15.
Na4 Nd4 16. d3 Nxf3+ 17. exf3 Nd6 18. Nc3 Bb7 19. d4 Nf5 20. d5 c5 21. f4 Qd7
22. Re1 Rac8 23. b5 Bd6 24. Bh3 Rcd8 25. Qd3 g6 26. Qc4 Qf7 27. Bg2 Kg7 28. Rd1
Nd4 29. fxe5 fxe5 30. Bg5 Rd7 31. Rb2 Qf5 32. Be3 Qg4 33. Kh1 Rdd8 34. Qa4 Bb8
35. Re1 Qh5 36. Kg1 g5 37. h3 h6 38. Rd2 Nf3+ 39. Bxf3 Rxf3 40. Kg2 Bc8 41. Rh1
Rdf8 42. Re2 Bd7 43. Qc4 Qg6 44. g4 Bc7 45. a4 Bc8 46. Ne4 a6 47. Ng3 axb5 48.
axb5 Qf7 49. Rhe1 Bd7 50. Rd2 Kh8 51. Rb2 Bc8 52. Qe4 Rf6 53. Rd2 Kg8 54. Ra1
Bb8 55. Kg1 Rd8 56. Ra3 Qe8 57. Qc4 Qg6 58. Ra1 Rf7 59. Rd3 Kh7 60. Ne4 Bb7 61.
Kg2 1/2-1/2

[Event "MCRE_SF04"]
[Site "?"]
[Date "2005.??.??"]
[Round "?"]
[White "Kubikova, Hana"]
[Black "Janocko, Petr"]
[Result "0-1"]
[WhiteElo "2182"]
[BlackElo "2200"]
[PlyCount "80"]
[EventDate "2005.??.??"]
[EventType "corr"]
[EventRounds "2"]
[SourceDate "2005.10.20"]

1. d4 Nf6 2. Nf3 e6 3. Bg5 h6 4. Bh4 c5 5. e3 cxd4 6. exd4 Be7 7. Nbd2 b6 8. c3
Bb7 9. Bd3 O-O 10. O-O d6 11. Qe2 Nbd7 12. Rad1 Re8 13. Rfe1 Nh5 14. Bxe7 Qxe7
15. Bc2 Rac8 16. Ne4 Nf8 17. Qe3 Ng6 18. Ned2 Nhf4 19. c4 Qf6 20. b3 d5 21. Rc1
Red8 22. Bb1 Ne7 23. a4 g5 24. g3 Nh3+ 25. Kf1 dxc4 26. bxc4 Nf5 27. Bxf5 Qxf5
28. Ne5 g4 29. a5 bxa5 30. Ra1 f6 31. Nd3 Ng5 32. Rec1 Bc6 33. Nc5 a4 34. Rcb1
Rd6 35. Nb7 Bxb7 36. Rxb7 Rcd8 37. Rxa4 Rxd4 38. Raxa7 e5 39. Qc3 Ne6 40. Rb2
Rxd2 0-1

[Event "MCRE_SF04"]
[Site "?"]
[Date "2005.??.??"]
[Round "?"]
[White "Jandovsky, Viktor"]
[Black "Hrdy, Roman"]
[Result "1/2-1/2"]
[WhiteElo "2259"]
[BlackElo "2224"]
[PlyCount "118"]
[EventDate "2005.??.??"]
[EventType "corr"]
[EventRounds "2"]
[SourceDate "2005.10.20"]

1. e4 c5 2. Nf3 d6 3. d4 cxd4 4. Nxd4 Nf6 5. Nc3 a6 6. Be3 e5 7. Nb3 Be6 8. f3
Be7 9. Qd2 O-O 10. O-O-O Qc7 11. g4 Rc8 12. g5 Nh5 13. Kb1 Nd7 14. Rg1 Nb6 15.
Qf2 Nc4 16. Bxc4 Qxc4 17. Na5 Qc7 18. Nd5 Bxd5 19. Rxd5 b5 20. Qd2 Bd8 21. Nb3
Be7 22. Nc1 b4 23. Ne2 a5 24. Ng3 Nxg3 25. hxg3 a4 26. Qh2 a3 27. Rh1 h6 28.
gxh6 g6 29. b3 Qc3 30. Bc1 Qxf3 31. Re1 Rc3 32. Bd2 Kh7 33. Qh1 Qxh1 34. Rxh1
Rxg3 35. Bxb4 Rg4 36. Bxd6 Bxd6 37. Rxd6 Rxe4 38. Rd7 Rf4 39. c4 Rf2 40. Kc1 g5
41. Rd2 Rf4 42. Rh5 Kg6 43. Rdh2 Rf1+ 44. Kd2 Rd8+ 45. Kc3 Rh8 46. h7 f5 47.
Rh6+ Kg7 48. Ra6 Rf3+ 49. Kb4 g4 50. Rh5 Rb8+ 51. Kxa3 Kh8 52. c5 g3 53. Rg6
Re8 54. c6 f4 55. Rh1 Rd3 56. Kb2 Rd2+ 57. Kc3 Rh2 58. Rxh2 gxh2 59. Rh6 e4
1/2-1/2

[Event "MCRE_SF04"]
[Site "?"]
[Date "2005.??.??"]
[Round "?"]
[White "Janocko, Petr"]
[Black "Hrdy, Roman"]
[Result "1-0"]
[WhiteElo "2200"]
[BlackElo "2224"]
[PlyCount "77"]
[EventDate "2005.??.??"]
[EventType "corr"]
[EventRounds "2"]
[SourceDate "2005.10.20"]

1. d4 f5 2. g3 Nf6 3. Bg2 e6 4. c4 d5 5. Nh3 c6 6. Qc2 Bd6 7. O-O O-O 8. Bf4 b6
9. Nd2 Bb7 10. Rac1 Na6 11. Rfd1 c5 12. Ng5 Qe7 13. Bxd6 Qxd6 14. cxd5 Bxd5 15.
e4 fxe4 16. Ndxe4 Qe7 17. Nxf6+ gxf6 18. Bxd5 exd5 19. Re1 Qd7 20. Ne6 Rfe8 21.
Nf4 c4 22. Nh5 Rf8 23. Qc3 Qf7 24. Nf4 Nc7 25. Qb4 Rfe8 26. Qd6 Rad8 27. Qc6 b5
28. Rxe8+ Rxe8 29. Kf1 a6 30. Re1 Rxe1+ 31. Kxe1 Qe7+ 32. Kf1 Qd8 33. Nh5 Kf7
34. h4 Ne8 35. Qxa6 Qd7 36. Nf4 Nc7 37. Qb7 h6 38. f3 Ke8 39. g4 1-0

[Event "MCRE_SF04"]
[Site "?"]
[Date "2005.??.??"]
[Round "?"]
[White "Blecha, Miroslav"]
[Black "Kubikova, Hana"]
[Result "1-0"]
[WhiteElo "2200"]
[BlackElo "2182"]
[PlyCount "89"]
[EventDate "2005.??.??"]
[EventType "corr"]
[EventRounds "2"]
[SourceDate "2005.10.20"]

1. e4 c5 2. Nf3 Nf6 3. e5 Nd5 4. Nc3 Nxc3 5. dxc3 Nc6 6. Bf4 Qc7 7. Qd2 e6 8.
O-O-O h6 9. h4 b6 10. h5 Bb7 11. Kb1 O-O-O 12. Bg3 Rg8 13. Qf4 g5 14. hxg6 fxg6
15. Qa4 Bg7 16. Ba6 g5 17. Bxb7+ Kxb7 18. Qg4 Kc8 19. Rhe1 Rdf8 20. Rd6 Rf5 21.
Red1 Rgf8 22. Rxd7 Qxd7 23. Rxd7 Kxd7 24. b4 Nxe5 25. Qe4 Kd6 26. bxc5+ bxc5
27. Qb7 R8f7 28. Qb8+ Rc7 29. Nd2 Kd7 30. Kc1 h5 31. Ne4 h4 32. Qb5+ Ke7 33.
Qa6 Kf7 34. Nd6+ Kg6 35. Nxf5 Kxf5 36. Bh2 c4 37. Qa5 Rb7 38. f3 Rf7 39. Qc5
Rd7 40. a4 Rf7 41. a5 Rd7 42. a6 Rf7 43. Qe3 Ng6 44. Qe4+ Kf6 45. Bg1 1-0

[Event "MCRE_SF04"]
[Site "?"]
[Date "2005.??.??"]
[Round "?"]
[White "Hrdy, Roman"]
[Black "Kubikova, Hana"]
[Result "1-0"]
[WhiteElo "2224"]
[BlackElo "2182"]
[PlyCount "107"]
[EventDate "2005.??.??"]
[EventType "corr"]
[EventRounds "2"]
[SourceDate "2005.10.20"]

1. e4 c5 2. Nf3 Nc6 3. d4 cxd4 4. Nxd4 Nf6 5. Nc3 e5 6. Ndb5 d6 7. Bg5 a6 8.
Na3 b5 9. Bxf6 gxf6 10. Nd5 f5 11. c3 Bg7 12. exf5 Bxf5 13. Nc2 Be6 14. g3 O-O
15. Bg2 a5 16. O-O Rb8 17. Qe2 Qd7 18. Rfd1 Kh8 19. Rd2 f5 20. Rad1 e4 21. b3
Ne7 22. Nf4 d5 23. c4 bxc4 24. bxc4 Bf7 25. cxd5 Bc3 26. Ne3 Bxd2 27. Qxd2 Kg8
28. Qxa5 Qd6 29. Bh3 Qe5 30. Qc5 Ra8 31. Qd4 Qxd4 32. Rxd4 Rxa2 33. Bxf5 Nxf5
34. Nxf5 Bh5 35. Ne7+ Kf7 36. Nxh5 Kxe7 37. Rxe4+ Kd7 38. Nf4 Rb8 39. Re6 Rbb2
40. Nh3 Rd2 41. Rh6 Rxd5 42. Rxh7+ Kd6 43. Kg2 Ra4 44. Nf4 Rd2 45. Rf7 Raa2 46.
Ng6 Ke6 47. Rf8 Ra5 48. h4 Rd4 49. f3 Ra2+ 50. Kh3 Ra1 51. f4 Rb4 52. f5+ Kd7
53. Rf7+ Kd6 54. Rf6+ 1-0

[Event "MCRE_SF04"]
[Site "?"]
[Date "2005.??.??"]
[Round "?"]
[White "Koci, Vladimir"]
[Black "Janocko, Petr"]
[Result "0-1"]
[WhiteElo "2255"]
[BlackElo "2200"]
[PlyCount "100"]
[EventDate "2005.??.??"]
[EventType "corr"]
[EventRounds "2"]
[SourceDate "2005.10.20"]

1. d4 Nf6 2. Nf3 e6 3. Bf4 c5 4. c3 cxd4 5. cxd4 Qb6 6. Nbd2 Nc6 7. Nc4 Bb4+ 8.
Bd2 Bxd2+ 9. Qxd2 Qc7 10. Rc1 O-O 11. e3 d5 12. Nce5 Ne4 13. Qb4 Nxb4 14. Rxc7
Nxa2 15. Nd3 a5 16. Be2 b6 17. O-O Ba6 18. Ra1 Nb4 19. Nxb4 Bxe2 20. Nc6 f6 21.
Ne7+ Kh8 22. Rac1 Bb5 23. Rb7 Rab8 24. Rxb8 Rxb8 25. Rc8+ Rxc8 26. Nxc8 Kg8 27.
Ne1 Kf8 28. Nc2 Ke8 29. f3 Kd8 30. Nxb6 Nd2 31. b4 axb4 32. Nxb4 Kc7 33. N6xd5+
exd5 34. Nxd5+ Kd6 35. Nc3 Bd7 36. Kf2 Nb3 37. Ke2 Bc8 38. Ne4+ Ke7 39. Kd3 Bf5
40. Kc3 Bxe4 41. fxe4 Na5 42. Kd3 Nb7 43. Ke2 Nd6 44. Kf3 g5 45. h4 gxh4 46.
Kf4 Nc4 47. Kf3 Nd2+ 48. Kf4 Ke6 49. e5 fxe5+ 50. dxe5 Nc4 0-1

[Event "MCRE_SF04"]
[Site "?"]
[Date "2005.??.??"]
[Round "?"]
[White "Koci, Vladimir"]
[Black "Splichal, Josef"]
[Result "1/2-1/2"]
[WhiteElo "2255"]
[BlackElo "2261"]
[PlyCount "111"]
[EventDate "2005.??.??"]
[EventType "corr"]
[EventRounds "2"]
[SourceDate "2005.10.20"]

1. d4 Nf6 2. Nf3 d5 3. Bf4 Bf5 4. e3 e6 5. Nbd2 Nbd7 6. c4 Bb4 7. c5 O-O 8. a3
Bxd2+ 9. Nxd2 Re8 10. Nf3 c6 11. Be2 Ne4 12. O-O Bg4 13. Qc2 f6 14. Bd3 e5 15.
Bg3 Bxf3 16. gxf3 Ng5 17. f4 Nf3+ 18. Kh1 e4 19. Be2 Qe7 20. Qd1 Qe6 21. Bxf3
exf3 22. Qxf3 Qh3 23. f5 Re4 24. b4 Rae8 25. a4 Rc8 26. b5 Re7 27. Kg1 a6 28.
Rab1 axb5 29. axb5 Nf8 30. Ra1 Rf7 31. e4 dxe4 32. Qxe4 g6 33. fxg6 Nxg6 34.
Kh1 Re7 35. Qg2 Qf5 36. Ra7 Kh8 37. bxc6 bxc6 38. Rxe7 Nxe7 39. Re1 Nd5 40. Qe4
Qxe4+ 41. Rxe4 Ra8 42. Kg2 Kg7 43. Re6 Ra6 44. Kf3 Kg6 45. Bf4 Kf5 46. Re4 Ra2
47. Be3 Nxe3 48. fxe3 Rf2+ 49. Kxf2 Kxe4 50. Kg3 f5 51. Kh4 f4 52. exf4 Kxd4
53. Kg5 Kxc5 54. Kh6 Kd5 55. Kxh7 c5 56. f5 1/2-1/2

[Event "MCRE_SF04"]
[Site "?"]
[Date "2005.??.??"]
[Round "?"]
[White "Jandovsky, Viktor"]
[Black "Blecha, Miroslav"]
[Result "0-1"]
[WhiteElo "2259"]
[BlackElo "2200"]
[PlyCount "122"]
[EventDate "2005.??.??"]
[EventType "corr"]
[EventRounds "2"]
[SourceDate "2005.10.20"]

1. e4 c5 2. Nf3 e6 3. d4 cxd4 4. Nxd4 a6 5. Bd3 Bc5 6. Nb3 Ba7 7. Qe2 Nc6 8.
Be3 d6 9. Nc3 Nge7 10. f4 b5 11. Bxa7 Rxa7 12. Qf2 O-O 13. O-O f5 14. Qe3 fxe4
15. Bxe4 Nf5 16. Bxf5 Rxf5 17. Rad1 Re7 18. Ne4 d5 19. Nd4 Nxd4 20. Qxd4 Rc7
21. Qb6 Qd7 22. Nc5 Qe7 23. b4 Rf6 24. Qb8 Rf8 25. Qb6 Rf6 26. a4 bxa4 27. Qa5
Qf7 28. f5 exf5 29. c4 Rd6 30. cxd5 Re7 31. Nxa4 Qe8 32. Qc5 Rg6 33. Nc3 Re5
34. Rd4 Bd7 35. Rdf4 h6 36. Qd4 Kh7 37. Qd2 Qe7 38. Rd1 Re3 39. Rc1 Rg4 40.
Rxg4 fxg4 41. g3 Bf5 42. d6 Qe6 43. Rf1 Rd3 44. Qf4 Bg6 45. Rd1 Rxd1+ 46. Nxd1
Qe1+ 47. Qf1 Qd2 48. Nf2 Qxd6 49. Qc4 h5 50. Kf1 Qf6 51. Kg2 Bf7 52. Qe4+ Qg6
53. Kf1 Qxe4 54. Nxe4 Kg6 55. Ke2 Kf5 56. Ke3 Ke5 57. Nc5 Bc4 58. Nd7+ Kd6 59.
Nb6 Bb3 60. Kd4 Kc6 61. Nc8 g6 0-1

[Event "MCRE_SF04"]
[Site "?"]
[Date "2005.??.??"]
[Round "?"]
[White "Kubikova, Hana"]
[Black "Kohler, Josef"]
[Result "1/2-1/2"]
[WhiteElo "2182"]
[BlackElo "2180"]
[PlyCount "144"]
[EventDate "2005.??.??"]
[EventType "corr"]
[EventRounds "2"]
[SourceDate "2005.10.20"]

1. d4 Nf6 2. c4 c5 3. d5 e6 4. Nc3 exd5 5. cxd5 d6 6. e4 g6 7. f4 Bg7 8. Nf3
O-O 9. Be2 Bg4 10. O-O Nbd7 11. a4 Re8 12. h3 Bxf3 13. Bxf3 c4 14. Be3 Qa5 15.
Bd4 Re7 16. Kh1 a6 17. Qe1 Rae8 18. Qf2 h6 19. Rad1 Qb4 20. e5 dxe5 21. fxe5
Rxe5 22. Bxe5 Nxe5 23. Qc2 Rc8 24. Be2 b5 25. axb5 axb5 26. d6 Rd8 27. Rd2 Ned7
28. Rfd1 Nc5 29. Bf3 Kh7 30. Qb1 Qa5 31. Bc6 Nb3 32. Re2 Nh5 33. Re7 Qb6 34.
Bxb5 Ng3+ 35. Kh2 Nf5 36. Rxf7 Nbd4 37. Rxg7+ Kxg7 38. Qe4 Qxd6+ 39. Kg1 Qc5
40. Kh2 Qc7+ 41. Kg1 Kh7 42. Ba4 Qa7 43. Kh2 Qb8+ 44. Kg1 Qxb2 45. Qe5 Ne2+ 46.
Qxe2 Rxd1+ 47. Qxd1 Qxc3 48. Qd7+ Ng7 49. Kf2 h5 50. Ke2 Qb2+ 51. Qd2 Qb7 52.
Kd1 Qb1+ 53. Ke2 Qe4+ 54. Kd1 Nf5 55. Qd7+ Kh6 56. Qd2+ Kg7 57. Qd7+ Kf8 58.
Qc8+ Kf7 59. Qd7+ Kf6 60. Qd8+ Ne7 61. Kc1 Qe3+ 62. Kc2 Kf7 63. Qe8+ Kg7 64.
Qd7 h4 65. Bb5 Qb3+ 66. Kc1 Kf7 67. Kd2 Qb4+ 68. Kc2 g5 69. Qb7 Qb3+ 70. Kc1
Qc3+ 71. Kd1 Qd3+ 72. Kc1 Qc3+ 1/2-1/2

[Event "MCRE_SF04"]
[Site "?"]
[Date "2005.??.??"]
[Round "?"]
[White "Hrdy, Roman"]
[Black "Jandovsky, Viktor"]
[Result "1/2-1/2"]
[WhiteElo "2224"]
[BlackElo "2259"]
[PlyCount "115"]
[EventDate "2005.??.??"]
[EventType "corr"]
[EventRounds "2"]
[SourceDate "2005.10.20"]

1. e4 c5 2. Nf3 e6 3. Nc3 a6 4. d4 cxd4 5. Nxd4 Qc7 6. Bd3 Nf6 7. O-O Nc6 8.
Be3 Ne5 9. h3 Bc5 10. Kh1 d6 11. f4 Ng6 12. Qe1 Bd7 13. Nf3 O-O 14. Bxc5 Qxc5
15. e5 Nh5 16. Ne4 Qb6 17. f5 exf5 18. Nxd6 f4 19. Rf2 Qxb2 20. Rb1 Qa3 21. Rb3
Qxa2 22. Nc4 Qa4 23. Nb6 Qc6 24. Nxa8 Rxa8 25. Kg1 Qc7 26. Qb4 Bc6 27. Qd6 Rc8
28. Rd2 Bxf3 29. gxf3 Qa5 30. Be4 Ng3 31. Bxb7 Re8 32. Bxa6 Nf5 33. Ra3 Qxe5
34. Qxe5 Nxe5 35. Bb5 Rb8 36. Rd5 f6 37. Rc5 Ne3 38. Kf2 Kf7 39. Ra7+ Ke6 40.
Ra6+ Kf7 41. Ba4 Rd8 42. Bb3+ Kf8 43. Ke2 Nf5 44. Rd5 Nd4+ 45. Kd1 Rxd5 46.
Bxd5 Ndxf3 47. c4 Nd4 48. Kd2 h5 49. Ra8+ Ke7 50. Ra7+ Kf8 51. c5 f3 52. Ke3
Nf5+ 53. Kf2 Nd3+ 54. Kxf3 Nxc5 55. Kf4 Nd6 56. Ke3 Nf5+ 57. Kd2 Nd6 58. Ra8+
1/2-1/2

[Event "MCRE_SF04"]
[Site "?"]
[Date "2005.??.??"]
[Round "?"]
[White "Koci, Vladimir"]
[Black "Jandovsky, Viktor"]
[Result "0-1"]
[WhiteElo "2255"]
[BlackElo "2259"]
[PlyCount "114"]
[EventDate "2005.??.??"]
[EventType "corr"]
[EventRounds "2"]
[SourceDate "2005.10.20"]

1. d4 Nf6 2. Nf3 g6 3. Bf4 Bg7 4. e3 d6 5. Nbd2 O-O 6. c3 Nbd7 7. Qc2 Re8 8.
Bd3 e5 9. Bg5 c6 10. O-O-O Qa5 11. Kb1 d5 12. dxe5 Nxe5 13. Nxe5 Rxe5 14. h4 c5
15. c4 b5 16. cxd5 Nxd5 17. Nb3 Qb6 18. Qxc5 Bb7 19. Qxb6 axb6 20. Rhg1 h6 21.
Bf4 Nxf4 22. exf4 Rd5 23. Rd2 Bf8 24. Rgd1 Bb4 25. Re2 Rad8 26. Nc1 Kg7 27. a3
Bf8 28. b4 R5d7 29. f3 Ra8 30. Red2 Rxa3 31. Bxb5 Rxd2 32. Rxd2 Bxb4 33. Rd7
Bc8 34. Rc7 Be6 35. Bc4 Bd6 36. Rc6 Rc3 37. Rxd6 Rxc4 38. Nd3 Bf5 39. Kb2 Bxd3
40. Rxd3 Rxf4 41. g3 Rf6 42. Kc3 h5 43. Kd2 b5 44. Ke3 Re6+ 45. Kd2 Kf6 46. Rd8
Rb6 47. Kc3 b4+ 48. Kb3 Re6 49. Rd3 Re1 50. Kxb4 Rg1 51. Rd4 Rxg3 52. Rf4+ Ke5
53. Rxf7 Rh3 54. Kc3 Rxh4 55. Kd3 Rf4 56. Re7+ Kf6 57. Re3 Rf5 0-1

[Event "MCRE_SF04"]
[Site "?"]
[Date "2005.??.??"]
[Round "?"]
[White "Janocko, Petr"]
[Black "Blecha, Miroslav"]
[Result "1/2-1/2"]
[WhiteElo "2200"]
[BlackElo "2200"]
[PlyCount "94"]
[EventDate "2005.??.??"]
[EventType "corr"]
[EventRounds "2"]
[SourceDate "2005.10.20"]

1. e4 c5 2. Nf3 e6 3. d4 cxd4 4. Nxd4 Nf6 5. Nc3 d6 6. g4 h6 7. h3 Nc6 8. Bg2
Bd7 9. Be3 Ne5 10. O-O g5 11. Nf3 Be7 12. Nxe5 dxe5 13. Qe2 Qa5 14. Rfd1 O-O-O
15. a4 a6 16. Bd2 Qc7 17. Bf3 h5 18. gxh5 Rdg8 19. Kf1 Bc5 20. Nb1 Kb8 21. b4
Bd4 22. c3 Ba7 23. b5 a5 24. Bc1 Rg7 25. Na3 Rc8 26. Rb1 Rgg8 27. b6 Bxb6 28.
Nb5 Bxb5 29. Qxb5 Bc5 30. Rd2 Ka7 31. Rdb2 Rb8 32. Qc4 Ne8 33. Rb5 b6 34. Be2
Rb7 35. R5b2 Nd6 36. Qa6+ Kb8 37. Qd3 f5 38. exf5 Qc6 39. Qf3 Qxf3 40. Bxf3 e4
41. Bd1 exf5 42. Bb3 Rh8 43. Bxg5 Rxh5 44. h4 Rbh7 45. Bg8 Rh8 46. Bd5 Kc7 47.
Kg2 R8h7 1/2-1/2

[Event "MCRE_SF04"]
[Site "?"]
[Date "2005.??.??"]
[Round "?"]
[White "Janocko, Petr"]
[Black "Koci, Vladimir"]
[Result "1-0"]
[WhiteElo "2200"]
[BlackElo "2255"]
[PlyCount "95"]
[EventDate "2005.??.??"]
[EventType "corr"]
[EventRounds "2"]
[SourceDate "2005.10.20"]

1. d4 Nf6 2. c4 e6 3. Nf3 d5 4. g3 dxc4 5. Bg2 Nc6 6. Qa4 Qd5 7. O-O Bd7 8. Nc3
Qh5 9. Qxc4 Bd6 10. Bg5 Qg6 11. Bxf6 Qxf6 12. e4 Qg6 13. e5 Na5 14. Qe2 Be7 15.
d5 O-O 16. Rad1 c5 17. d6 Bd8 18. Nd2 f5 19. Qe3 Bb6 20. Ne2 Rac8 21. Qc3 Nc6
22. Nf4 Qf7 23. Nf3 h6 24. h4 Be8 25. Qb3 Bd7 26. Rc1 g6 27. Rfe1 Kh7 28. Qd1
Nb4 29. Nd2 Nxa2 30. Ra1 Nb4 31. Bxb7 Rb8 32. Bg2 a6 33. Bf3 g5 34. hxg5 hxg5
35. Bh5 Qg7 36. Ng6 g4 37. Nc4 Qh6 38. Nxf8+ Rxf8 39. f4 Qxh5 40. Re2 Bb5 41.
Nxb6 Bxe2 42. Qxe2 Kg6 43. Qg2 Qh3 44. Nd7 Qxg2+ 45. Kxg2 Rc8 46. Ra5 Nd3 47.
Rxa6 Nxb2 48. Ra7 1-0